Ochutnajte avokádo

Bibliographic Details
Main Author: Ačová, Danka (Author)
Format: Article
Language:Slovak
PhysicalDescription:Fotogr.
ISSN:0862-5565
Subjects:

MARC

LEADER 00000nab a2200000 ar4500
001 vtls009008326
003 SK-MaSNL
005 20260303065515.0
008 070719c2007 xo |||||||||||000 b|slo
015 |a SNBRB2007/07  |2 snkbucl 
038 |a SNKBUCL 
040 |a SNKBUCL  |b slo  |c SNKBUCL  |e AACR2 
041 0 |a slo 
044 |a xo  |c SK 
080 |a 634.653.076  |2 1997 
100 1 |a Ačová, Danka  |4 aut  |9 1031784 
245 1 0 |a Ochutnajte avokádo  |c Danka Ačová 
300 |b Fotogr. 
650 0 7 |a avokádo  |2 snkbucl  |9 104010 
773 0 |t Záhradkár  |g Roč. XLIII, č. 7 (2007), s. 72-73  |x 0862-5565 
852 |a SNK  |b KIS3GCP 
999 |c 1751471  |d 1753401